Rizikový kapitál ako špecifický zdroj finančného zabezpečenia podpory výskumu a inovácií

Základná charakteristika rizikového kapitálu. Charakteristiky jednotlivých typov investícií rizikového kapitálu. Opodstatnenosť rizikového kapitálu ako jednej z dôležitých foriem finančnej podpory inovácií, analýza jeho využívania v rámci krajín Európskeho výskumného priestoru (ERA). Návrhy praktick...

Full description

Saved in:
Bibliographic Details
Main Author: Hečková, Jaroslava
Format: Book Chapter
Language:Slovak
Subjects:
Tags: Add Tag
No Tags, Be the first to tag this record!

MARC

LEADER 00000naa$a2200000$$$4500
001 0048861
005 20240502071548.6
041 0 |a slo 
044 |a SK 
245 1 0 |a Rizikový kapitál ako špecifický zdroj finančného zabezpečenia podpory výskumu a inovácií  |c Jaroslava Hečková 
520 |a Základná charakteristika rizikového kapitálu. Charakteristiky jednotlivých typov investícií rizikového kapitálu. Opodstatnenosť rizikového kapitálu ako jednej z dôležitých foriem finančnej podpory inovácií, analýza jeho využívania v rámci krajín Európskeho výskumného priestoru (ERA). Návrhy praktického vytvárania predpokladov pre širšie využívanie rizikového kapitálu v rámci EÚ. Šesť základných kategórií bariér rozvoja rizikového kapitálu, ktoré je potrebné v EÚ eliminovať - fragmentácia trhu, inštitucionálne a regulačné bariéry, zdaňovanie, nedostatok malých podnikov s high-tech technológiou, ľudské zdroje, kultúrne bariéry. Návrhy opatrení Akčného plánu rizikového kapitálu. 
610 2 0 |a kapitál rizikový 
610 2 0 |a investície 
610 2 0 |a investovanie 
610 2 0 |a výskum 
610 2 0 |a inovácia 
610 2 0 |a Európa 
610 2 0 |a Európska únia 
100 1 |a Hečková, Jaroslava